[Event "Rated Blitz game"]
[Site "?"]
[Date "2021.11.28"]
[Round "?"]
[White "AnonimSatrancUstasi"]
[Black "Sdjordje12345_s"]
[Result "0-1"]
[WhiteElo "2450"]
[BlackElo "2356"]
[PlyCount "74"]
[EventDate "2021.??.??"]
[EventType "blitz"]

1. e4 e5 2. Nf3 d5 3. Nxe5 Qe7 4. d4 f6 5. Qh5+ g6 6. Nxg6 Qxe4+ 7. Be3 Qxg6 8.
Qxd5 Ne7 9. Qb3 Nbc6 10. Bb5 Bd7 11. O-O O-O-O 12. d5 Ne5 13. Bxd7+ Rxd7 14.
Qa4 a6 15. Nc3 Bh6 16. Nb5 Rg8 17. Na7+ Kd8 18. g3 Bxe3 19. fxe3 Nf5 20. Qf4
Ng4 21. Qxf5 Qh6 22. h4 Qxe3+ 23. Kg2 Qe2+ 24. Rf2 Ne3+ 25. Kh3 Rxg3+ 26. Kh2
Ng4+ 27. Kxg3 Nxf2 28. Qxf6+ Re7 29. Qf8+ Kd7 30. Qf5+ Ke8 31. Qc8+ Kf7 32.
Qf5+ Kg7 33. Qxf2 Re3+ 34. Kg2 Qg4+ 35. Kf1 Qh3+ 36. Kg1 Rg3+ 37. Qg2 Qxg2# {
Normal} 0-1

[Event "Rated Blitz tournament 8Rbuiib5"]
[Site "?"]
[Date "2021.11.28"]
[Round "?"]
[White "Cresswell"]
[Black "HEISENBERG_1956"]
[Result "1-0"]
[WhiteElo "2496"]
[BlackElo "2534"]
[PlyCount "73"]
[EventDate "2021.??.??"]
[EventType "blitz"]

1. e4 e5 2. Nf3 d5 3. exd5 e4 4. Qe2 Qe7 5. Nd4 Nf6 6. Nc3 Nbd7 7. Nf5 Qe5 8.
Ng3 Bb4 9. a3 Ba5 10. d6 O-O 11. dxc7 Re8 12. b4 Bxc7 13. Bb2 Nb6 14. O-O-O Qf4
15. Qe3 Qh4 16. Nb5 Bf4 17. Qb3 Be6 18. Bxf6 gxf6 19. Qb2 Rac8 20. Kb1 Na4 21.
Qd4 Be5 22. Qxe4 Bf4 23. Qf3 f5 24. Bd3 Red8 25. Nxf5 Qf6 26. c3 Bxf5 27. Bxf5
Qxf5+ 28. Ka1 Qc2 29. Qg4+ Kh8 30. Rb1 Be5 31. Qg5 Bxc3+ 32. dxc3 Nxc3 33. Qf6+
Kg8 34. Qg5+ Kf8 35. Qh6+ Ke7 36. Rhe1+ Kd7 37. Qd6# {Normal} 1-0

[Event "Rated Blitz game"]
[Site "?"]
[Date "2021.11.28"]
[Round "?"]
[White "khatkevich71"]
[Black "batasjon"]
[Result "0-1"]
[WhiteElo "2456"]
[BlackElo "2461"]
[PlyCount "72"]
[EventDate "2021.??.??"]
[EventType "blitz"]

1. e4 e5 2. Nf3 d5 3. exd5 e4 4. Qe2 Nf6 5. Nc3 Be7 6. Nxe4 O-O 7. d3 Re8 8.
Be3 Nxd5 9. O-O-O f5 10. Nc3 Nxc3 11. bxc3 f4 12. d4 fxe3 13. fxe3 Be6 14. Qb5
Nd7 15. Bc4 Bxc4 16. Qxc4+ Kh8 17. h4 Nb6 18. Qb3 Qd5 19. Ne5 Rf8 20. h5 Bf6
21. Ng4 Nc4 22. Nxf6 gxf6 23. Rde1 f5 24. Rhf1 b5 25. Rf4 Rae8 26. a4 a6 27.
axb5 axb5 28. g4 fxg4 29. Rxg4 Nxe3 30. Qxd5 Nxd5 31. Rxe8 Rxe8 32. Kb2 Re3 33.
Rg5 c6 34. h6 Re6 35. Rf5 Rxh6 36. Kb3 Rh3 {Normal} 0-1

[Event "Rated Blitz game"]
[Site "?"]
[Date "2021.11.28"]
[Round "?"]
[White "VladimirKruglikov"]
[Black "rofaidah"]
[Result "0-1"]
[WhiteElo "2429"]
[BlackElo "2415"]
[PlyCount "142"]
[EventDate "2021.??.??"]
[EventType "blitz"]

1. e4 e5 2. Nf3 d5 3. d4 dxe4 4. Nxe5 Be6 5. Nc3 Nf6 6. Bg5 Be7 7. Be2 c6 8.
O-O Nbd7 9. Nxd7 Qxd7 10. d5 Nxd5 11. Bxe7 Qxe7 12. Nxe4 O-O 13. Bf3 Rad8 14.
Qc1 Bf5 15. Re1 Bxe4 16. Bxe4 Qf6 17. c3 Nf4 18. Qe3 a6 19. Qf3 Ne6 20. Qxf6
gxf6 21. Rad1 Nc5 22. Bf5 Rfe8 23. b3 Kf8 24. Kf1 Rxe1+ 25. Kxe1 Re8+ 26. Kf1
h6 27. b4 Na4 28. Rd7 Re7 29. Rd3 Nb2 30. Rd2 Nc4 31. Rd4 Nb6 32. Rh4 Kg7 33.
Rg4+ Kf8 34. Bc2 Nd5 35. Rg3 Re5 36. a3 Ne7 37. Rd3 c5 38. Rd8+ Kg7 39. Rd7
cxb4 40. axb4 b6 41. Bd3 a5 42. bxa5 bxa5 43. Ra7 Rc5 44. c4 Nc6 45. Ra6 Ne5
46. Be2 Nc6 47. f4 Nb4 48. Ra7 Nc2 49. Kf2 Nd4 50. Bd3 Nc6 51. Ra8 Nb4 52. Ke3
Nc6 53. Rc8 a4 54. Be4 a3 55. Bxc6 Ra5 56. Rd8 a2 57. Rd1 a1=Q 58. Rxa1 Rxa1
59. Bd5 Kf8 60. h3 Ke7 61. Kd4 Ra5 62. c5 Ra4+ 63. Ke3 f5 64. g4 fxg4 65. hxg4
f6 66. Kf3 Ra3+ 67. Ke4 Rg3 68. Kf5 Rg1 69. Be4 Re1 70. c6 Rc1 71. Kg6 Rc5 {
Time forfeit} 0-1

[Event "Rated Blitz tournament cK84GIcf"]
[Site "?"]
[Date "2021.11.28"]
[Round "?"]
[White "OdinTheodor"]
[Black "Toledanomad"]
[Result "0-1"]
[WhiteElo "2304"]
[BlackElo "2409"]
[PlyCount "122"]
[EventDate "2021.??.??"]
[EventType "blitz"]

1. e4 e5 2. Nf3 d5 3. exd5 e4 4. Qe2 Nf6 5. d3 Qxd5 6. dxe4 Qxe4 7. Nc3 Qxe2+
8. Bxe2 Bd6 9. Bg5 Bf5 10. Bxf6 gxf6 11. O-O-O Nc6 12. Bd3 Be6 13. Rhe1 O-O-O
14. Ne4 Bf4+ 15. Kb1 Nb4 16. a3 Nxd3 17. Rxd3 Rxd3 18. cxd3 Rd8 19. Kc2 Bg4 20.
Nxf6 Bxf3 21. gxf3 Bxh2 22. Nxh7 b6 23. Nf6 Rd6 24. Ne4 Rc6+ 25. Nc3 Rf6 26.
Re3 Bf4 27. Re4 Bd6 28. Nb5 Rxf3 29. Nxa7+ Kb7 30. Nb5 Rxf2+ 31. Kb3 f5 32.
Nxd6+ cxd6 33. Re7+ Kc6 34. Kc3 f4 35. Re4 d5 36. Re6+ Kc5 37. b4+ Kb5 38. Re5
Kc6 39. Re6+ Kc7 40. Re7+ Kd6 41. Re8 Ra2 42. Kb3 Ra1 43. Kb2 Rh1 44. d4 Rh3
45. Rd8+ Kc6 46. a4 Rd3 47. Rc8+ Kb7 48. Rf8 Rxd4 49. Kb3 Re4 50. b5 Re3+ 51.
Kb4 f3 52. Rf7+ Kc8 53. Rf8+ Kd7 54. Rf6 Re4+ 55. Kb3 Re3+ 56. Kb4 Kc7 57. Rf7+
Kd6 58. Rf6+ Ke5 59. Rxb6 Ke4 60. Re6+ Kd3 61. b6 Rxe6 {Normal} 0-1

[Event "Rated Blitz game"]
[Site "?"]
[Date "2021.11.28"]
[Round "?"]
[White "kahvekahve13"]
[Black "bobbybaer"]
[Result "1-0"]
[WhiteElo "2442"]
[BlackElo "2336"]
[PlyCount "51"]
[EventDate "2021.??.??"]
[EventType "blitz"]

1. e4 e5 2. Nf3 d5 3. exd5 e4 4. Qe2 Qe7 5. Nd4 Nf6 6. Nc3 a6 7. h3 Nbd7 8. g4
Nb6 9. Bg2 Nbxd5 10. Nxd5 Nxd5 11. Qxe4 Nb4 12. a3 c5 13. axb4 cxd4 14. c3 h5
15. g5 Rb8 16. d3 Bf5 17. Qxe7+ Bxe7 18. Bf4 Rd8 19. Bxb7 dxc3 20. bxc3 Bxd3
21. Bxa6 O-O 22. Bxd3 Rxd3 23. Bd2 Rfd8 24. Ra2 Bxg5 25. Bxg5 Rd1+ 26. Ke2 {
Normal} 1-0

[Event "Rated Blitz game"]
[Site "?"]
[Date "2021.11.28"]
[Round "?"]
[White "RafaelSanzio"]
[Black "rubengilmondelo64"]
[Result "1-0"]
[WhiteElo "2426"]
[BlackElo "2295"]
[PlyCount "41"]
[EventDate "2021.??.??"]
[EventType "blitz"]

1. e4 e5 2. Nf3 d5 3. exd5 e4 4. Qe2 Nf6 5. Nc3 Be7 6. Nxe4 O-O 7. d3 Re8 8.
Bd2 Qxd5 9. Nc3 Qh5 10. O-O-O Bg4 11. h3 Bb4 12. Ne4 Nxe4 13. dxe4 Bxd2+ 14.
Rxd2 Bxf3 15. Qxf3 Qa5 16. a3 Nc6 17. Bc4 Re7 18. Rhd1 Qe5 19. Bd5 Na5 20.
Bxf7+ Rxf7 21. Rd8+ {Normal} 1-0

[Event "Rated Blitz game"]
[Site "?"]
[Date "2021.11.28"]
[Round "?"]
[White "WOOOSH"]
[Black "rofaidah"]
[Result "1-0"]
[WhiteElo "2425"]
[BlackElo "2457"]
[PlyCount "169"]
[EventDate "2021.??.??"]
[EventType "blitz"]

1. e4 e5 2. Nf3 d5 3. exd5 e4 4. Qe2 Nf6 5. d3 Bf5 6. dxe4 Bxe4 7. Nfd2 Qe7 8.
Nc3 Bxd5 9. Qxe7+ Bxe7 10. Nxd5 Nxd5 11. Nf3 O-O 12. Bc4 Nb6 13. Bb3 Bf6 14.
O-O Nc6 15. c3 Rac8 16. Bf4 h6 17. Rad1 g5 18. Be3 Rfd8 19. Rfe1 Kg7 20. h3 Na5
21. Bc2 Nac4 22. Bc1 Re8 23. a4 Ne5 24. Nxe5 Bxe5 25. Bb3 a5 26. Be3 Kg6 27.
Bxb6 cxb6 28. Rd7 Bh2+ 29. Kf1 Rxe1+ 30. Kxe1 Rc7 31. Bxf7+ Kf6 32. Rxc7 Bxc7
33. Bd5 b5 34. axb5 b6 35. Kd2 Ke5 36. Bc6 Bd6 37. Kd3 Bc5 38. f3 Bf2 39. Be8
Bg1 40. Bg6 Bf2 41. Ke2 Bg1 42. g3 Bc5 43. Be4 h5 44. Bg6 h4 45. gxh4 gxh4 46.
Bh5 Bg1 47. Bg4 Bc5 48. Kd3 Bf2 49. Kc4 Be3 50. Kb3 Kd6 51. Ka4 Kc5 52. Bd7 Bc1
53. Kb3 Bf4 54. Kc2 Kd6 55. Bc6 Ke5 56. Kd3 Bg3 57. Kc4 Bf4 58. b4 axb4 59.
Kxb4 Be3 60. Kc4 Bc5 61. Kd3 Kf4 62. Ke2 Be3 63. Bd7 Bc5 64. Bg4 Be3 65. Kd3
Bc5 66. Kc4 Be3 67. Kd5 Bc5 68. Ke6 Bf2 69. Kf6 Bc5 70. Kg6 Bf2 71. Kh5 Kg3 72.
Kg5 Be3+ 73. Kf5 Bf4 74. c4 Be3 75. Ke4 Bd2 76. c5 bxc5 77. b6 Bf4 78. Kd5 Bb8
79. Kxc5 Kf4 80. Kc6 Ke5 81. Kb7 Bd6 82. Kc8 Kd5 83. b7 Kc5 84. b8=Q Bxb8 85.
Kxb8 {Time forfeit} 1-0

[Event "Rated Blitz game"]
[Site "?"]
[Date "2021.11.28"]
[Round "?"]
[White "chessnightmare"]
[Black "Annali-annaliew1979"]
[Result "0-1"]
[WhiteElo "2475"]
[BlackElo "2454"]
[PlyCount "106"]
[EventDate "2021.??.??"]
[EventType "blitz"]

1. e4 e5 2. Nf3 d5 3. Nxe5 Qe7 4. d4 f6 5. Ng4 Nc6 6. Nc3 dxe4 7. d5 Ne5 8.
Bb5+ c6 9. dxc6 Nxc6 10. O-O f5 11. Nd5 Qd6 12. Bf4 fxg4 13. Bxd6 Bxd6 14. Nb6
axb6 15. Qxd6 Bd7 16. Rad1 Nf6 17. Bc4 O-O-O 18. Be6 Rhe8 19. Bxd7+ Rxd7 20.
Qa3 Rde7 21. b4 b5 22. Rfe1 Kc7 23. Qg3+ Kc8 24. a3 h5 25. Rc1 Ne5 26. a4 Nc4
27. axb5 e3 28. Rf1 Ne4 29. Qf4 exf2+ 30. Rxf2 g5 31. Qf5+ Kb8 32. Re2 Ncd6 33.
Qd5 Re5 34. Qd4 Nxb5 35. Qa1 Nbc3 36. Rce1 Nxe2+ 37. Rxe2 h4 38. g3 hxg3 39.
hxg3 R5e6 40. c4 Nxg3 41. Rxe6 Rxe6 42. Qh8+ Kc7 43. Qh7+ Kd6 44. Qxb7 Ne4 45.
Qb8+ Ke7 46. Qc7+ Kf6 47. b5 g3 48. b6 Re7 49. Qc6+ Kf5 50. b7 Kf4 51. b8=Q+
Kf3 52. Qxe4+ Rxe4 53. c5 Re1# {Normal} 0-1

[Event "Rated Blitz game"]
[Site "?"]
[Date "2021.11.28"]
[Round "?"]
[White "rivas79"]
[Black "CzechProphylaxis"]
[Result "1-0"]
[WhiteElo "2314"]
[BlackElo "2403"]
[PlyCount "99"]
[EventDate "2021.??.??"]
[EventType "blitz"]

1. e4 e5 2. Nf3 d5 3. Nxe5 Bd6 4. d4 dxe4 5. Nc4 Nf6 6. Nc3 Nc6 7. Nxd6+ Qxd6
8. Be3 Bg4 9. Be2 Bxe2 10. Qxe2 Nxd4 11. Bxd4 Qxd4 12. Rd1 Qe5 13. O-O O-O 14.
f3 Qc5+ 15. Kh1 exf3 16. Qxf3 c6 17. h3 Rad8 18. Rxd8 Rxd8 19. Qg3 Qd6 20. Qf3
Qe5 21. Qf2 b6 22. Qf3 Qc7 23. a4 h6 24. Qf5 Qd7 25. Qf3 Nd5 26. Ne4 Qe7 27. c4
Nc7 28. Qg3 Ne6 29. Nf6+ Kh8 30. Nh5 Qg5 31. Qf3 Rf8 32. Ng3 c5 33. Ne4 Qe5 34.
Nc3 Nd4 35. Qb7 Ne2 36. Nxe2 Qxe2 37. Rxf7 Rxf7 38. Qxf7 Qe1+ 39. Kh2 Qe5+ 40.
Kg1 Qe1+ 41. Qf1 Qe3+ 42. Qf2 Qc1+ 43. Kh2 Qxc4 44. Qf8+ Kh7 45. Qf5+ Kh8 46.
Qc8+ Kh7 47. Qf5+ Kh8 48. Qh7+ Kxh7 49. g4 Qf4+ 50. Kg1 {Time forfeit} 1-0

[Event "Rated Blitz game"]
[Site "?"]
[Date "2021.11.28"]
[Round "?"]
[White "ato77"]
[Black "KamranShirazi"]
[Result "0-1"]
[WhiteElo "2422"]
[BlackElo "2512"]
[PlyCount "78"]
[EventDate "2021.??.??"]
[EventType "blitz"]

1. e4 e5 2. Nf3 d5 3. exd5 e4 4. Qe2 Nf6 5. d3 Bb4+ 6. c3 O-O 7. dxe4 Bc5 8.
Nd4 Nxe4 9. Qxe4 Re8 10. Ne6 fxe6 11. d6 Bxd6 12. Bd3 g6 13. O-O Nd7 14. Bh6
Nf6 15. Qf3 e5 16. Bg5 Rf8 17. Rd1 Bg4 18. Bc4+ Kh8 19. Bxf6+ Qxf6 20. Qxg4
Qxf2+ 21. Kh1 Qxb2 22. Nd2 Qxc3 23. Qe2 Qa5 24. Rab1 Rad8 25. Ne4 Be7 26. Bb3
Rd4 27. Rxd4 exd4 28. Rd1 c5 29. h3 Qc7 30. Nd2 a6 31. Nc4 b5 32. Ne5 Bd6 33.
Ng4 c4 34. Rxd4 cxb3 35. axb3 Qc1+ 36. Rd1 Qf4 37. Qd3 h5 38. Qd4+ Qxd4 39.
Rxd4 Rf1# {Normal} 0-1

[Event "Rated Blitz tournament H6evYFDm"]
[Site "?"]
[Date "2021.11.28"]
[Round "?"]
[White "junmark-baldesimo24"]
[Black "yevkool1983"]
[Result "1-0"]
[WhiteElo "2456"]
[BlackElo "2263"]
[PlyCount "51"]
[EventDate "2021.??.??"]
[EventType "blitz"]

1. e4 e5 2. Nf3 d5 3. d3 dxe4 4. dxe4 Qxd1+ 5. Kxd1 f6 6. Bc4 Bc5 7. Ke2 Ne7 8.
Be3 Bxe3 9. Kxe3 c6 10. c3 Nd7 11. Na3 Nf8 12. Nh4 Be6 13. g3 O-O-O 14. Rhd1
Bxc4 15. Nxc4 Ne6 16. f4 Kc7 17. fxe5 b5 18. exf6 gxf6 19. Na5 Ng6 20. Nf3 Ne5
21. Nxe5 fxe5 22. b4 Rhf8 23. Rf1 Kb6 24. Rad1 Rxf1 25. Rxf1 Rf8 26. Rf5 {
Normal} 1-0

[Event "Rated Blitz game"]
[Site "?"]
[Date "2021.11.28"]
[Round "?"]
[White "SacrificialMaster"]
[Black "Annali-annaliew1979"]
[Result "1-0"]
[WhiteElo "2496"]
[BlackElo "2450"]
[PlyCount "139"]
[EventDate "2021.??.??"]
[EventType "blitz"]

1. e4 e5 2. Nf3 d5 3. Nxe5 Qe7 4. d4 f6 5. Nf3 dxe4 6. Nfd2 f5 7. Nb3 Nf6 8.
Bf4 Nc6 9. Nc3 Qf7 10. d5 Ne7 11. Bc4 Ng6 12. Bg5 Bd6 13. Nb5 Bd7 14. Nxd6+
cxd6 15. Qd4 Ne5 16. Be2 O-O 17. O-O-O Rfc8 18. Kb1 a5 19. a4 Bxa4 20. Qxa4 b5
21. Bxb5 Rab8 22. Bxf6 Qxf6 23. Nd4 Rc5 24. c4 Nd3 25. Rxd3 exd3 26. Nc6 Re8
27. Rd1 Re2 28. Qb3 Rxf2 29. Rxd3 h6 30. Nxa5 Rxg2 31. Nb7 Rc7 32. Bc6 Re7 33.
c5 Ree2 34. Rc3 Rxb2+ 35. Qxb2 Rxb2+ 36. Kxb2 dxc5 37. Nxc5 Qd6 38. Nb7 Qb4+
39. Kc2 Qe4+ 40. Kb3 Qb1+ 41. Kc4 Qa2+ 42. Kc5 Qb2 43. Rc4 Qa3+ 44. Kd4 f4 45.
d6 Qe3+ 46. Kd5 Qd3+ 47. Rd4 Qf5+ 48. Kc4 f3 49. d7 Qc2+ 50. Kd5 Qf5+ 51. Kd6
Qf6+ 52. Kc5 Qe5+ 53. Rd5 Qc3+ 54. Kd6 Qf6+ 55. Kc7 Qf4+ 56. Kc8 Qg4 57. Kb8
Qf4+ 58. Rd6 f2 59. d8=Q+ Kh7 60. Qe7 f1=Q 61. Be4+ Qf5 62. Bxf5+ Qxf5 63. Qe6
Qf8+ 64. Kc7 Qf2 65. Qd7 Qc2+ 66. Rc6 Qf5 67. Qd6 Qf6 68. Qxf6 gxf6 69. Rxf6
Kg7 70. Rd6 {Time forfeit} 1-0

[Event "Rated Blitz tournament dxt5zkd2"]
[Site "?"]
[Date "2021.11.28"]
[Round "?"]
[White "Frutek"]
[Black "Maltinho"]
[Result "1-0"]
[WhiteElo "2645"]
[BlackElo "2647"]
[PlyCount "27"]
[EventDate "2021.??.??"]
[EventType "blitz"]

1. e4 e5 2. Nf3 d5 3. d4 dxe4 4. Nxe5 Bd6 5. Bc4 Bxe5 6. Qh5 Qe7 7. dxe5 Nc6 8.
Nc3 Be6 9. Bb5 Qc5 10. Be3 Qb4 11. O-O-O Nge7 12. Rd4 Qc5 13. Rd8+ Rxd8 14.
Bxc5 {Normal} 1-0

[Event "Rated Blitz game"]
[Site "?"]
[Date "2021.11.28"]
[Round "?"]
[White "minikarpov"]
[Black "batasjon"]
[Result "0-1"]
[WhiteElo "2513"]
[BlackElo "2453"]
[PlyCount "20"]
[EventDate "2021.??.??"]
[EventType "blitz"]

1. e4 e5 2. Nf3 d5 3. exd5 e4 4. Qe2 Nf6 5. Nc3 Be7 6. Nxe4 O-O 7. g3 Re8 8. d3
Nxd5 9. Bg2 f5 10. Nc3 Bb4 {Normal} 0-1

[Event "Rated Blitz tournament VUT4Hy0p"]
[Site "?"]
[Date "2021.11.28"]
[Round "?"]
[White "TysonT"]
[Black "Pashkomarku"]
[Result "1-0"]
[WhiteElo "2409"]
[BlackElo "2315"]
[PlyCount "45"]
[EventDate "2021.??.??"]
[EventType "blitz"]

1. e4 e5 2. Nf3 d5 3. Nxe5 Qe7 4. d4 f6 5. Nd3 dxe4 6. Nf4 Bf5 7. Bc4 Nc6 8.
O-O O-O-O 9. Be3 g5 10. Nd5 Qe8 11. Nbc3 Bd6 12. Nb5 a6 13. Nxd6+ Rxd6 14. f4
exf3 15. Qxf3 Bxc2 16. Rae1 Qg6 17. Bf2 Nh6 18. Bg3 Nxd4 19. Qc3 Rxd5 20. Bxd5
c6 21. Qxd4 cxd5 22. Qb6 Qf7 23. Rc1 {Normal} 1-0

[Event "Rated Blitz game"]
[Site "?"]
[Date "2021.11.28"]
[Round "?"]
[White "Zol46"]
[Black "Annali-annaliew1979"]
[Result "1-0"]
[WhiteElo "2438"]
[BlackElo "2430"]
[PlyCount "69"]
[EventDate "2021.??.??"]
[EventType "blitz"]

1. e4 e5 2. Nf3 d5 3. exd5 e4 4. Nd4 c5 5. Nb3 f5 6. d4 Nf6 7. dxc5 b6 8. Bb5+
Kf7 9. c4 a6 10. Bc6 Nxc6 11. dxc6 Qxd1+ 12. Kxd1 Be6 13. cxb6 Bb4 14. b7 Rad8+
15. Ke2 Bd6 16. c5 Bc7 17. Be3 Bd5 18. Nd4 f4 19. Bd2 Bc4+ 20. Ke1 Rxd4 21. Bc3
Rd3 22. Nd2 e3 23. Nxc4 exf2+ 24. Kxf2 Rhd8 25. Nd6+ Kg6 26. Bxf6 Kxf6 27. Rad1
Re3 28. g3 g5 29. gxf4 gxf4 30. Rhe1 Re7 31. Ne4+ Kf5 32. Rxd8 Bxd8 33. b8=Q
Bc7 34. Qb4 a5 35. Qc4 {Normal} 1-0

[Event "Rated Blitz game"]
[Site "?"]
[Date "2021.11.28"]
[Round "?"]
[White "Beastofuyo"]
[Black "rofaidah"]
[Result "1-0"]
[WhiteElo "2540"]
[BlackElo "2457"]
[PlyCount "115"]
[EventDate "2021.??.??"]
[EventType "blitz"]

1. e4 e5 2. Nf3 d5 3. Nc3 dxe4 4. Nxe5 Qd4 5. Nc4 Be6 6. Ne3 Nf6 7. d3 Bb4 8.
Bd2 exd3 9. Bxd3 O-O 10. a3 Ba5 11. O-O Nc6 12. Qe2 Rfe8 13. Rfd1 Bg4 14. f3
Bh5 15. Kh1 Bb6 16. Re1 Qh4 17. Qf1 Nd4 18. Nb5 Nxb5 19. Bxb5 Red8 20. Bc3 Bg6
21. Bd3 Nh5 22. Kg1 Re8 23. Bd2 Rad8 24. Rad1 Kh8 25. Bc1 Qf4 26. Qf2 Nf6 27.
Bxg6 Rxd1 28. Rxd1 hxg6 29. Rd3 c5 30. g3 Qc7 31. c4 a6 32. Nd5 Nxd5 33. Rxd5
Qe7 34. Bf4 Ba7 35. Bd6 Qe6 36. Bxc5 Bb8 37. Kg2 b5 38. b3 bxc4 39. bxc4 Qc6
40. Qd4 Qa4 41. Rd8 Kh7 42. Rxe8 Qxe8 43. Qd2 g5 44. Bd4 f6 45. Qd3+ Kg8 46. h4
Qf7 47. hxg5 fxg5 48. Qe4 Bxg3 49. Qg4 Bf4 50. Qc8+ Kh7 51. Qh3+ Kg8 52. Qc8+
Kh7 53. c5 Qg6 54. Qg4 Kg8 55. Qh3 Kf7 56. Qd7+ Kg8 57. c6 Kh7 58. Qh3+ {
Time forfeit} 1-0

[Event "Rated Blitz tournament BKMcvwCH"]
[Site "?"]
[Date "2021.11.28"]
[Round "?"]
[White "HungryBear81"]
[Black "Toledanomad"]
[Result "0-1"]
[WhiteElo "2220"]
[BlackElo "2404"]
[PlyCount "134"]
[EventDate "2021.??.??"]
[EventType "blitz"]

1. e4 e5 2. Nf3 d5 3. exd5 e4 4. Qe2 Nf6 5. d3 Qxd5 6. dxe4 Qxe4 7. Nc3 Qxe2+
8. Bxe2 Nc6 9. O-O Bd6 10. Re1 Be6 11. Bg5 O-O-O 12. Ne4 Nxe4 13. Bxd8 Rxd8 14.
Bb5 Nf6 15. Bxc6 bxc6 16. Rad1 a5 17. a3 Bd5 18. Nd4 g6 19. h3 Kb7 20. f3 Rb8
21. Nb3 Ka6 22. Rd3 a4 23. Nd4 Rxb2 24. Rc3 Kb6 25. Kf2 c5 26. Ne2 Be5 27. Re3
Nd7 28. Rc1 Ra2 29. f4 Bd6 30. Rb1+ Kc6 31. Rc3 Nb6 32. Nd4+ Kd7 33. Nb5 Nc4
34. Nxd6 Kxd6 35. Rd1 Rxa3 36. Rxc4 Ra2 37. Rc3 Kc6 38. Rdd3 a3 39. Rxa3 Rxc2+
40. Ke3 Rxg2 41. Rd2 Rg3+ 42. Kf2 Rxa3 43. h4 Rf3+ 44. Ke1 Rxf4 45. Rh2 h5 46.
Kd2 Rg4 47. Rh3 f5 48. Ke3 f4+ 49. Kd2 f3 50. Ke3 Rg2 51. Rh1 f2 52. Rf1 Bc4
53. Rxf2 Rxf2 54. Kxf2 Be6 55. Ke3 Kd6 56. Kf4 Bf7 57. Kg5 Ke7 58. Kf4 c4 59.
Ke5 c3 60. Kd4 c2 61. Kc5 c1=Q+ 62. Kb5 Qh1 63. Ka5 Qxh4 64. Ka6 Qb4 65. Ka7
Kd6 66. Ka6 Kc6 67. Ka7 Qb7# {Normal} 0-1

[Event "Rated Blitz game"]
[Site "?"]
[Date "2021.11.27"]
[Round "?"]
[White "Ricardinho15"]
[Black "KamranShirazi"]
[Result "1-0"]
[WhiteElo "2513"]
[BlackElo "2554"]
[PlyCount "93"]
[EventDate "2021.??.??"]
[EventType "blitz"]

1. e4 e5 2. Nf3 d5 3. exd5 e4 4. Qe2 Nf6 5. d3 Bb4+ 6. c3 O-O 7. dxe4 Bc5 8. h3
Nxe4 9. Qxe4 Re8 10. Ne5 Nd7 11. f4 Qh4+ 12. Kd1 Rxe5 13. Qf3 Re1+ 14. Kc2 Nf6
15. Bd2 Re8 16. g3 Qh6 17. Bd3 g6 18. f5 Qg7 19. fxg6 hxg6 20. Na3 Bxa3 21.
bxa3 Rd8 22. c4 c6 23. Raf1 Nxd5 24. cxd5 Rxd5 25. Qf6 Qxf6 26. Rxf6 Bd7 27.
Bc3 Rd8 28. Bc4 Bf5+ 29. Kb3 R5d7 30. g4 Bd3 31. Rxg6+ Bxg6 32. h4 b5 33. Be2
Be4 34. Rf1 Bd3 35. Bxd3 Rxd3 36. Rf6 R8d6 37. Rxd6 Rxd6 38. Kb4 Rd5 39. Bf6
Rd6 40. g5 Kh7 41. h5 Rd5 42. a4 bxa4 43. Kxa4 Rb5 44. Bd4 a6 45. Be5 Rb1 46.
Bf6 c5 47. Ka5 {Time forfeit} 1-0

[Event "Rated Blitz tournament EMhrwZmd"]
[Site "?"]
[Date "2021.11.27"]
[Round "?"]
[White "h7s"]
[Black "batasjon"]
[Result "0-1"]
[WhiteElo "2469"]
[BlackElo "2435"]
[PlyCount "64"]
[EventDate "2021.??.??"]
[EventType "blitz"]

1. e4 e5 2. Nf3 d5 3. Nxe5 Bd6 4. d4 dxe4 5. Nc4 Nf6 6. Nc3 O-O 7. Be3 Nc6 8.
Qd2 Bb4 9. a3 Bxc3 10. Qxc3 Nd5 11. Qd2 Be6 12. O-O-O f5 13. g3 Kh8 14. Bg5 Qe8
15. Be2 Qf7 16. Ne3 Nce7 17. h4 c6 18. h5 h6 19. Nxd5 Nxd5 20. Be3 b5 21. Rdg1
a5 22. f3 a4 23. fxe4 fxe4 24. Rf1 Qe7 25. Bxh6 b4 26. Bg5 Qd7 27. h6 g6 28. h7
bxa3 29. bxa3 Rab8 30. Bc4 Qg7 31. Bh6 Qb7 32. Bxf8 Qb1# {Normal} 0-1

[Event "Rated Blitz game"]
[Site "?"]
[Date "2021.11.27"]
[Round "?"]
[White "Satscho"]
[Black "kimchi-blue"]
[Result "1-0"]
[WhiteElo "2472"]
[BlackElo "2472"]
[PlyCount "71"]
[EventDate "2021.??.??"]
[EventType "blitz"]

1. e4 e5 2. Nf3 d5 3. exd5 e4 4. Qe2 Nf6 5. Nc3 Qe7 6. Nd4 g6 7. d3 Bf5 8. Bg5
Bg7 9. dxe4 Bxe4 10. O-O-O Bf5 11. Qb5+ Nbd7 12. Nxf5 gxf5 13. Bd3 O-O 14. Bxf5
Nb6 15. Qd3 Qb4 16. Qh3 Nc4 17. Na4 Nh5 18. c3 Qxa4 19. Qxh5 h6 20. Bxh6 Qxa2
21. Rd2 Nxd2 22. Bxd2 Rfe8 23. Bb1 Qc4 24. Qh7+ Kf8 25. Bh6 Qg4 26. Qh8+ Ke7
27. Qxg7 Qxg7 28. Bxg7 Rg8 29. Be5 Rxg2 30. Bg3 Rg8 31. Be4 Rxf2 32. Bxf2 f5
33. Bh4+ Kd6 34. Bf3 Ke5 35. Bg3+ f4 36. Rd1 {Time forfeit} 1-0

[Event "Rated Blitz game"]
[Site "?"]
[Date "2021.11.27"]
[Round "?"]
[White "Misi_95"]
[Black "dr_xStranger"]
[Result "1-0"]
[WhiteElo "2756"]
[BlackElo "2649"]
[PlyCount "91"]
[EventDate "2021.??.??"]
[EventType "blitz"]

1. e4 e5 2. Nf3 d5 3. d4 dxe4 4. Nxe5 Bd6 5. Bc4 Bxe5 6. Qh5 Qe7 7. Qxe5 Nf6 8.
O-O Nc6 9. Qxe7+ Kxe7 10. c3 Re8 11. Bg5 Kf8 12. Na3 Be6 13. Bxf6 Bxc4 14.
Bxg7+ Kxg7 15. Nxc4 f5 16. Rae1 Rad8 17. f3 exf3 18. Rxe8 Rxe8 19. Rxf3 Kg6 20.
Re3 Rf8 21. Kf2 f4 22. Re1 Rf5 23. Kf3 Kf6 24. Re8 Rh5 25. Rc8 Rxh2 26. Rxc7 h5
27. Rxb7 h4 28. Rh7 Kg6 29. Rc7 Nd8 30. Ne5+ Kf5 31. Rh7 Ne6 32. Rf7+ Kg5 33.
d5 Nc5 34. b4 Na4 35. d6 Nb6 36. c4 h3 37. gxh3 Rxh3+ 38. Ke4 Re3+ 39. Kd4 Re1
40. c5 Rd1+ 41. Nd3 Na4 42. d7 Nb2 43. d8=Q+ Kg4 44. Rg7+ Kf3 45. Qd5+ Ke2 46.
Qg2# {Normal} 1-0

[Event "Rated Blitz game"]
[Site "?"]
[Date "2021.11.27"]
[Round "?"]
[White "Kasteajedrez"]
[Black "Annali-annaliew1979"]
[Result "0-1"]
[WhiteElo "2459"]
[BlackElo "2439"]
[PlyCount "104"]
[EventDate "2021.??.??"]
[EventType "blitz"]

1. e4 e5 2. Nf3 d5 3. Nxe5 Qe7 4. d4 f6 5. Ng4 Nc6 6. Ne3 Qxe4 7. c3 Nge7 8.
Nd2 Qh4 9. Nf3 Qh5 10. Be2 Qf7 11. O-O Ng6 12. Re1 Be7 13. Nf1 O-O 14. Ng3 Bd6
15. Be3 Bg4 16. Nf1 Rae8 17. h3 Bf5 18. Qb3 Na5 19. Qa4 b6 20. Bb5 Re7 21. Bd2
Be4 22. N1h2 c6 23. Bf1 Bc7 24. b4 b5 25. Qd1 Nc4 26. Bc1 a5 27. a3 a4 28. Bxc4
dxc4 29. Nd2 Bd5 30. Ndf1 Rfe8 31. Rxe7 Rxe7 32. Be3 Re8 33. Qh5 Bb8 34. Re1
Qc7 35. Bd2 Rxe1 36. Bxe1 Qf4 37. Qe2 Kf7 38. Ng3 Qc1 39. Nf5 Be6 40. g4 Nf4
41. Qe3 Qxe3 42. fxe3 Nxh3+ 43. Kg2 Ng5 44. Nf3 Ne4 45. Kf1 g6 46. Nh6+ Kg7 47.
Ke2 Kxh6 48. g5+ Nxg5 49. Nh2 Bxh2 50. Bf2 Ne4 51. Be1 Bg4+ 52. Kf1 Bf3 {
Time forfeit} 0-1

[Event "Rated Blitz game"]
[Site "?"]
[Date "2021.11.27"]
[Round "?"]
[White "DLChess2018"]
[Black "Roberto_Baggio1978"]
[Result "1-0"]
[WhiteElo "2621"]
[BlackElo "2590"]
[PlyCount "49"]
[EventDate "2021.??.??"]
[EventType "blitz"]

1. e4 e5 2. Nf3 d5 3. Nxe5 Bd6 4. d4 dxe4 5. Nc3 Bxe5 6. dxe5 Qxd1+ 7. Kxd1 Nc6
8. Nxe4 Bf5 9. Bd3 O-O-O 10. Ke2 Nge7 11. f4 h5 12. Be3 Bg4+ 13. Kf2 Nf5 14. h3
Nxe3 15. Kxe3 Be6 16. Ng5 Bd5 17. c4 Bxg2 18. Rhg1 f6 19. Nf7 Bxh3 20. Nxd8
Rxd8 21. Rxg7 fxe5 22. f5 Nd4 23. Rg5 Rf8 24. Rxh5 Bxf5 25. Rf1 {Normal} 1-0

[Event "Rated Blitz game"]
[Site "?"]
[Date "2021.11.27"]
[Round "?"]
[White "mriglu"]
[Black "RiskyBlitzer"]
[Result "0-1"]
[WhiteElo "2446"]
[BlackElo "2521"]
[PlyCount "22"]
[EventDate "2021.??.??"]
[EventType "blitz"]

1. e4 e5 2. Nf3 d5 3. Nxe5 dxe4 4. d4 Bd6 5. Nc4 Nc6 6. Nxd6+ Qxd6 7. Bb5 Bd7
8. Be3 Nf6 9. O-O O-O 10. c4 Ng4 11. Bxc6 Qxh2# {Normal} 0-1